000
00326nam a22001337a 4500
008
250617b |||||||| |||| 00| 0 eng d
020
_a
73158935
050
_a
HD60
_b
.L88
100
_a
FRED, Luthans
245
_a
Social Issues in Business
260
_a
AMERICA
_b
The Macmillian Company
_c
1972
300
_a
280p.
942
_c
BK
999
_c
3874
_d
3874